| 000 | 01429cam a22004097a 4500 | ||
|---|---|---|---|
| 003 | CHAP | ||
| 005 | 20220329142854.0 | ||
| 008 | 050927s2002 mx a r 00010 spa d | ||
| 010 | _a89023 | ||
| 011 | _a89995 | ||
| 020 | _a9702405289 | ||
| 035 | _a100551 | ||
| 040 | _cCHAP | ||
| 082 | 0 | 4 |
_a574 _bV3 |
| 100 | 0 | 0 |
_aValdivia Urdiales, Blanca. _9117323 |
| 245 | 1 | 0 |
_aBiología : _bla vida y sus procesos _c/ por Blanca Valdivia Urdiales, Pilar Granillo Velázquez y Maria del Socorro Villarreal Domínguez |
| 250 | _aed. rev. | ||
| 260 |
_aMéxico, D.F. : _bGrupo Patria Cultural, _c2002 |
||
| 300 |
_a582 p. : _bilus.; cuadros |
||
| 590 |
_aBATCH-UPD _b10 _c20130110 _lUCH01 _h0608 |
||
| 590 |
_aBATCH-UPD _b10 _c20130110 _lUCH01 _h2354 |
||
| 590 |
_aBATCH-UPD _b10 _c20130410 _lUCH01 _h0250 |
||
| 590 |
_aBATCH-UPD _b10 _c20130410 _lUCH01 _h1640 |
||
| 590 |
_aBATCH-UPD _b10 _c20130914 _lUCH01 _h0635 |
||
| 590 |
_aBATCH-UPD _b10 _c20130914 _lUCH01 _h2148 |
||
| 590 |
_aCONVERSION _b10 _c20130109 _lUCH01 _h1349 |
||
| 650 | 1 | 4 |
_aBiología. _912773 |
| 650 | 1 | 4 |
_aCiencias naturales. _923181 |
| 650 | 1 | 4 |
_aEcosistema. _935290 |
| 650 | 1 | 4 |
_aMedio ambiente. _974065 |
| 700 | 0 |
_aGranillo Velázquez, Pilar. _950381 |
|
| 700 | 0 |
_aVillarreal Domínguez, Mária del Socorro. _9119583 |
|
| 901 | _aBK | ||
| 905 | _aElisama A. H. | ||
| 942 | _cLIBRO | ||
| 949 |
_a574 V3 _bBC _cLIBRO _d33724000971602 _eLIBRO _gI.c/e _h106927 _i100551 _si _t$210.00 |
||
| 999 |
_c89023 _d89023 |
||